000 00695nam a2200217Ii 4500
003 JO-AjNU
008 230605s9999||||xx |||||||||||||| ||und||
017 _a2006/8/2420
020 _a9957-25-050-7
040 _aJO-AjNU
_bara
_erda
_cJO-AjNU
041 _aara
050 1 4 _aBP163 2007
100 3 _aتاليف الفتياني، خالد إبراهيم,
_eauthor
_945052
245 0 0 _aالثقافة الإسلامية لطلبة الجامعات
264 3 1 _aعمان: دار قنديل، 2007
300 _a272ص
336 _atext
_btxt
_2rdacontent
337 _aunmediated
_bn
_2rdamedia
338 _avolume
_bnc
_2rdacarrier
650 4 _aالثقافة الاسلامية
_945053
999 _aA19501
_c23069
_d23069